[Event "OIBM 2001"]
[Site "Bad Wiessee"]
[Date "2001.10.27"]
[Round "1"]
[White "Ebenschwanger, Franz"]
[Black "Schmaltz, Roland"]
[Result "0-1"]
[WhiteElo "2059"]
[BlackElo "2536"]
[PlyCount "32"]

1. Nf3 Nf6 2. g3 g6 3. Bg2 Bg7 4. O-O O-O 5. d3 d5 6. Nbd2 Nc6 7. e4 e5 8. Re1
Re8 9. c3 a5 10. a4 b6 11. Qc2 Ba6 12. Bf1 Qd7 13. exd5 Qxd5 14. Kg2 Rad8 15.
Nc4 Bb7 16. Ne3 Qxf3+ 0-1

[Event "OIBM 2001"]
[Site "Bad Wiessee"]
[Date "2001.10.27"]
[Round "1"]
[White "Eingorn, Vereslav"]
[Black "Jaenig, Reinhard"]
[Result "1-0"]
[WhiteElo "2601"]
[BlackElo "2081"]
[PlyCount "63"]

1. d4 c5 2. d5 Nf6 3. Nc3 e6 4. Bg5 Qa5 5. Bxf6 gxf6 6. e3 Bg7 7. g3 O-O 8.
Nge2 Na6 9. Bg2 Rb8 10. a4 f5 11. O-O Nc7 12. Qd2 Nxd5 13. Bxd5 exd5 14. Qxd5
Qb4 15. Qd6 Ra8 16. Rab1 b6 17. Nf4 Ba6 18. Rfd1 Rad8 19. Ncd5 Qe4 20. Nh5 Qe6
21. Ndf6+ Kh8 22. Nxg7 Kxg7 23. Nh5+ Kg8 24. Nf4 Qe4 25. Nd5 Qe6 26. Qf4 Bb7
27. Qg5+ Kh8 28. Nf6 Qc6 29. e4 Rg8 30. Qh4 Rg7 31. Rd5 fxe4 32. Rh5 1-0

[Event "OIBM 2001"]
[Site "Bad Wiessee"]
[Date "2001.10.27"]
[Round "1"]
[White "Kacheishvili, Giorgi"]
[Black "Carlsen, Magnus"]
[Result "1-0"]
[WhiteElo "2583"]
[BlackElo "2072"]
[PlyCount "125"]

1. d4 Nf6 2. c4 e6 3. Nc3 Bb4 4. Qc2 O-O 5. a3 Bxc3+ 6. Qxc3 b6 7. Bg5 Bb7 8.
e3 c5 9. dxc5 bxc5 10. Ne2 Nc6 11. Ng3 Qa5 12. Bxf6 gxf6 13. Qxa5 Nxa5 14. Nh5
Rfd8 15. O-O-O Kf8 16. Nxf6 Ke7 17. Nh5 Ba6 18. Nf4 Bxc4 19. Bxc4 Nxc4 20. Rhe1
Rab8 21. Re2 d5 22. Rc2 Na5 23. Kb1 c4 24. Ne2 Nb7 25. e4 Nc5 26. exd5 Rxd5 27.
Nc3 Rg5 28. f4 Rh5 29. Rd4 Rxh2 30. Rxc4 Nd3 31. Ka2 Rb7 32. Ne4 Rd7 33. Nc5
Nxc5 34. Rxc5 Kf6 35. Ra5 Rb7 36. f5 e5 37. Re2 Re7 38. Ra6+ Kg5 39. f6 Rb7 40.
Rxe5+ Kg6 41. Re7 Rb8 42. Raxa7 Rxg2 43. Rab7 Rxb7 44. Rxb7 h5 45. a4 Rg4 46.
Ka3 h4 47. Rb8 Rg3+ 48. b3 Kxf6 49. Rh8 Kg5 50. a5 Re3 51. Ka4 Re6 52. b4 f5
53. b5 Re1 54. a6 Ra1+ 55. Kb4 f4 56. Kc5 f3 57. b6 Ra5+ 58. Kd4 Rxa6 59. b7
Rb6 60. b8=Q Rxb8 61. Rxb8 Kf4 62. Rf8+ Kg3 63. Ke3 1-0

[Event "OIBM 2001"]
[Site "Bad Wiessee"]
[Date "2001.10.27"]
[Round "1"]
[White "Khenkin, Igor"]
[Black "Spiel, Marianne"]
[Result "1-0"]
[WhiteElo "2572"]
[BlackElo "2065"]
[PlyCount "33"]

1. d4 Nf6 2. c4 e6 3. Nf3 d5 4. Nc3 c6 5. Bg5 h6 6. Bh4 Bd6 $6 {
Schwarz mixt die Varianten gruendlich durcheinander.} 7. e3 Nbd7 8. Bd3 O-O 9.
O-O Re8 10. Qc2 dxc4 11. Bxc4 e5 {Der thematische Befreiungszug fuer den Lc8.
Nur stehen beiderseits einige Figuren anders als gewoehnlich ...} 12. Ne4 $1
Be7 13. Bxf6 $1 {Die Aufgabe des Laeuferpaares kann man schnell mal uebersehen.
} 13... Bxf6 14. Nd6 Rf8 15. Qg6 Nb6 (15... Qe7 16. Nf5 $18) 16. Nxf7 Qe7 17.
N7g5+ 1-0

[Event "OIBM 2001"]
[Site "Bad Wiessee"]
[Date "2001.10.27"]
[Round "1"]
[White "Lipinsky, Fabian"]
[Black "Schlander, Sabine"]
[Result "1-0"]
[WhiteElo "2390"]
[BlackElo "2018"]
[PlyCount "37"]

1. d4 d5 2. c4 c6 3. Nf3 Nf6 4. Nc3 e6 5. Bg5 dxc4 6. e4 b5 7. a4 a6 8. axb5
cxb5 9. e5 h6 10. Bd2 b4 11. exf6 bxc3 12. Bxc3 gxf6 13. Bxc4 Bb7 14. Qe2 Be7
15. O-O a5 16. d5 Bxd5 17. Rfd1 O-O 18. Bxd5 exd5 19. Nh4 1-0

[Event "OIBM 2001"]
[Site "Bad Wiessee"]
[Date "2001.10.27"]
[Round "1"]
[White "Studer, Wolfgang"]
[Black "Miezis, Normunds"]
[Result "0-1"]
[WhiteElo "2048"]
[BlackElo "2501"]
[PlyCount "44"]

1. d4 Nf6 2. c4 c5 3. Nf3 cxd4 4. Nxd4 e5 5. Nf3 Bc5 6. Nxe5 Qa5+ 7. Nc3 Bxf2+
8. Kxf2 Qxe5 9. e3 Nc6 10. Be2 O-O 11. h4 d6 12. Bf3 h5 13. Nd5 Ng4+ 14. Bxg4
Bxg4 15. Qc2 Rac8 16. Bd2 Nd4 17. Qd3 Ne2 18. e4 f5 19. Ke1 fxe4 20. Qb3 Nd4
21. Qc3 Qg3+ 22. Qxg3 Nc2# 0-1

[Event "OIBM 2001"]
[Site "Bad Wiessee"]
[Date "2001.10.28"]
[Round "2"]
[White "Babula, Vlastimil"]
[Black "Gypser, Andreas"]
[Result "1/2-1/2"]
[WhiteElo "2565"]
[BlackElo "2188"]
[PlyCount "140"]

1. d4 d5 2. c4 e6 3. Nc3 Nf6 4. Bg5 Be7 5. e3 h6 6. Bxf6 Bxf6 7. Nf3 O-O 8. Qc2
Nc6 9. Rd1 b6 10. a3 Bb7 11. Be2 g6 12. h4 Ne7 13. h5 g5 14. cxd5 Nxd5 15. O-O
Nxc3 16. bxc3 c5 17. Ne5 Qe7 18. Qa4 cxd4 19. cxd4 Bxe5 20. dxe5 Qc5 21. Qd7
Bd5 22. Qd6 Rfd8 23. Qxc5 bxc5 24. Rc1 Rdc8 25. Bc4 Bxc4 26. Rxc4 Rab8 27. Rfc1
Rb3 28. a4 Ra3 29. Rb1 Ra2 30. Rb7 Kg7 31. f4 Rd8 32. fxg5 hxg5 33. Rg4 Ra1+
34. Kh2 Rd5 35. Rxg5+ Kh6 36. Rg4 Rxe5 37. Rxf7 Rxh5+ 38. Kg3 Re5 39. Rf6+ Kh7
40. Rf3 Rf5 41. Rxf5 exf5 42. Rg5 Rxa4 43. Rxf5 c4 44. Rc5 Kg6 45. Kf4 c3+ 46.
e4 Ra2 47. Rxc3 Rxg2 48. Ke5 Kf7 49. Rc7+ Ke8 50. Kf6 Ra2 51. e5 Ra1 52. Rh7
Re1 53. Rxa7 Re2 54. Re7+ Kf8 55. Rf7+ Ke8 56. Rh7 Re1 57. Ke6 Kf8 58. Rf7+ Ke8
59. Ra7 Kf8 60. Kf6 Rf1+ 61. Ke6 Re1 62. Ra8+ Kg7 63. Kd6 Kf7 64. Ra7+ Ke8 65.
Ke6 Kf8 66. Ra8+ Kg7 67. Re8 Ra1 68. Rd8 Re1 69. Rd5 Kf8 70. Ra5 Re2 1/2-1/2

[Event "OIBM 2001"]
[Site "Bad Wiessee"]
[Date "2001.10.28"]
[Round "2"]
[White "Epishin, Vladimir"]
[Black "Bouroutzakis, Georgios"]
[Result "1-0"]
[WhiteElo "2583"]
[BlackElo "2199"]
[PlyCount "81"]

1. d4 d5 2. c4 c6 3. Nc3 Nf6 4. Nf3 dxc4 5. a4 Bf5 6. Nh4 e6 7. Nxf5 exf5 8. e3
Bd6 9. Bxc4 O-O 10. h3 Qe7 11. O-O Nbd7 12. a5 h5 13. Re1 Bc7 14. b3 b5 15.
axb6 axb6 16. Rxa8 Rxa8 17. Qf3 Qd6 18. g3 Re8 19. Bb2 h4 20. gxh4 g6 21. Qg2
Kg7 22. Rd1 Ne4 23. Bd3 Qb4 24. Nxe4 fxe4 25. Bxe4 Qxb3 26. Rb1 Kf8 27. Bxc6
Qc2 28. Ba3+ Kg7 29. Rc1 Qa2 30. Bxd7 Qxa3 31. Rxc7 Re7 32. Qg3 Qa5 33. Bc6 Re6
34. Bf3 b5 35. Rb7 b4 36. Kg2 Rf6 37. e4 Qa3 38. e5 Rf5 39. e6 Qc3 40. exf7
Rxf7 41. Qe5+ 1-0

[Event "OIBM 2001"]
[Site "Bad Wiessee"]
[Date "2001.10.28"]
[Round "2"]
[White "Fischer, Gerd"]
[Black "Dorfman, Josif"]
[Result "0-1"]
[WhiteElo "2203"]
[BlackElo "2599"]
[PlyCount "84"]

1. e4 c5 2. Nc3 e6 3. g3 Nc6 4. Bg2 g6 5. d3 Bg7 6. Nge2 Nge7 7. O-O d6 8. h3
Rb8 9. a4 a6 10. b3 O-O 11. Bb2 d5 12. Qc1 d4 13. Nb1 e5 14. Ba3 Nb4 15. Nd2 b5
16. axb5 axb5 17. Bxb4 cxb4 18. f4 f6 19. Nf3 Nc6 20. Qe1 Bh6 21. Kh2 Qd6 22.
Qf2 Rb7 23. Kh1 Rc7 24. Ra2 Bd7 25. Nh2 Nd8 26. Rfa1 Bc8 27. Ng4 Bxg4 28. hxg4
Ne6 29. Rf1 Rfc8 30. g5 fxg5 31. fxe5 Qxe5 32. Bh3 Rf8 33. Qg1 Rxf1 34. Qxf1
Nf8 35. Qf2 Bg7 36. Ra8 h5 37. Nxd4 g4 38. Bg2 Rf7 39. Nc6 Rxf2 40. Nxe5 Bxe5
41. Re8 Bxg3 42. e5 Kf7 0-1

[Event "OIBM 2001"]
[Site "Bad Wiessee"]
[Date "2001.10.28"]
[Round "2"]
[White "Langheinrich, Ferenc"]
[Black "Schmidt, Ruediger"]
[Result "1-0"]
[WhiteElo "2398"]
[BlackElo "2149"]
[PlyCount "51"]

1. e4 e6 2. d4 d5 3. Nc3 Nf6 4. e5 Nfd7 5. f4 c5 6. Nf3 Nc6 7. Be3 a6 8. Qd2 b5
9. dxc5 Bxc5 10. Bxc5 Nxc5 11. Qf2 Qb6 12. b4 Nxb4 13. Rb1 Nc6 14. Bxb5 Bd7 15.
O-O Qa7 16. Bxc6 Bxc6 17. Nd4 Bd7 18. f5 exf5 19. Nxd5 Ne4 20. Qe3 Qc5 21. Nb6
Bb5 22. Nxa8 O-O 23. Rxf5 Nc3 24. Re1 Ne2+ 25. Rxe2 Bxe2 26. e6 1-0

[Event "OIBM 2001"]
[Site "Bad Wiessee"]
[Date "2001.10.28"]
[Round "2"]
[White "Meyer, Hartmut"]
[Black "Bromberger, Stefan"]
[Result "1-0"]
[WhiteElo "2145"]
[BlackElo "2399"]
[PlyCount "45"]

1. d4 Nf6 2. c4 g6 3. Nc3 Bg7 4. e4 O-O 5. Be2 d6 6. Nf3 e5 7. O-O Nc6 8. d5
Ne7 9. Nd2 a5 10. a3 Nd7 11. Rb1 f5 12. b4 Kh8 13. bxa5 Rxa5 $6 {
Vielleicht der Grund allen Uebels.} (13... Nc5 $1 {sieht sehr natuerlich aus.})
14. Nb3 Ra8 15. f3 Ng8 16. Nb5 Bh6 17. Bxh6 Nxh6 18. Qc1 Kg7 19. c5 {Offensicht
lich ist bei Schwarz etwas schief gelaufen. Das weisse Spiel am Damenfluegel
entwickelt sich bedeutend schneller als der schwarze Aufmarsch auf der anderen
Seite.} 19... fxe4 20. cxd6 exf3 21. Nxc7 {
Zwischenzuegliches ist meist Betruebliches!} 21... Nf6 22. Bxf3 Bf5 23. Nc5 1-0

[Event "OIBM 2001"]
[Site "Bad Wiessee"]
[Date "2001.10.28"]
[Round "2"]
[White "Ponater, Michael"]
[Black "Shabalov, Alexander"]
[Result "0-1"]
[WhiteElo "2199"]
[BlackElo "2585"]
[PlyCount "50"]

1. e4 c5 2. Nf3 d6 3. d4 cxd4 4. Nxd4 Nf6 5. Nc3 g6 6. Be2 Bg7 7. h4 h5 8. Bg5
Nc6 9. Nb3 O-O 10. Qd2 a5 11. a4 Nb4 12. Nd4 d5 13. exd5 Nfxd5 14. Ncb5 Nf6 15.
Qe3 Nbd5 16. Qb3 Ne4 17. Bf3 Nxg5 18. Bxd5 e6 19. hxg5 exd5 20. Qg3 Re8+ 21.
Kf1 Re4 22. Qc7 Qxg5 23. c3 Bg4 24. Qxb7 Rae8 25. Nc7 Re1+ 0-1

[Event "OIBM 2001"]
[Site "Bad Wiessee"]
[Date "2001.10.28"]
[Round "2"]
[White "Rau, Juergen"]
[Black "Gershon, Alik"]
[Result "0-1"]
[WhiteElo "2182"]
[BlackElo "2556"]
[PlyCount "78"]

1. Nf3 c5 2. c4 Nc6 3. Nc3 e5 4. g3 g6 5. Bg2 d6 6. O-O Bg7 7. Ne1 Be6 8. Nd5
Nge7 9. Nc2 Rb8 10. Nce3 O-O 11. Rb1 b5 12. d3 f5 13. b3 h6 14. Bb2 Kh7 15. a3
a5 16. f4 Nd4 17. Nxe7 Qxe7 18. Bxd4 cxd4 19. Nd5 Qa7 20. Kh1 Rfe8 21. Qd2 Bg8
22. fxe5 dxe5 23. e4 dxe3 24. Qxe3 Qxe3 25. Nxe3 e4 26. dxe4 fxe4 27. Rfd1 a4
28. Bf1 b4 29. axb4 a3 30. Rd2 Rxb4 31. Ra2 Bb2 32. Raxb2 axb2 33. Rxb2 Reb8
34. Nd5 Bxd5 35. cxd5 Rxb3 36. Rxb3 Rxb3 37. d6 Rb1 38. Kg2 Rb2+ 39. Kg1 Rd2
0-1

[Event "OIBM 2001"]
[Site "Bad Wiessee"]
[Date "2001.10.28"]
[Round "2"]
[White "Rozentalis, Eduardas"]
[Black "Lada, Ireneusz"]
[Result "1-0"]
[WhiteElo "2601"]
[BlackElo "2205"]
[PlyCount "86"]

1. e4 c6 2. c4 e5 3. Nf3 d6 4. d4 Qc7 5. h3 Nf6 6. Nc3 Nbd7 7. g3 Be7 8. Bg2
O-O 9. O-O a6 10. d5 cxd5 11. cxd5 b5 12. Nh4 Nb6 13. Kh2 Ne8 14. Nf5 Bf6 15.
a3 Bd7 16. Qd3 Kh8 17. Ne3 Rc8 18. Bd2 Nc4 19. Nxc4 bxc4 20. Qc2 Qb7 21. Rfc1
Nc7 22. a4 Rb8 23. Nd1 Rfc8 24. Bf1 Na8 25. Ra3 Nb6 26. a5 Na8 27. Rc3 Nc7 28.
Bxc4 Nb5 29. Bxb5 Rxc3 30. Nxc3 axb5 31. Nd1 Rc8 32. Qb1 b4 33. Ne3 h5 34.
Rxc8+ Bxc8 35. Qd3 Qd7 36. h4 Qh3+ 37. Kg1 g5 38. hxg5 Bxg5 39. Nf5 Bxd2 40.
Qxd2 Bxf5 41. exf5 Qxf5 42. Qxb4 e4 43. Qxd6 e3 1-0

[Event "OIBM 2001"]
[Site "Bad Wiessee"]
[Date "2001.10.29"]
[Round "3"]
[White "Borg, Geoffrey"]
[Black "Rozentalis, Eduardas"]
[Result "1/2-1/2"]
[WhiteElo "2344"]
[BlackElo "2601"]
[PlyCount "40"]

1. c4 e6 2. Nc3 Nf6 3. e4 d5 4. e5 Ne4 {Ein bekanntes Opfer fuer Initiative.
Es scheint jedoch, als habe Weiss eine Widerlegung vorbereitet.} 5. Nxe4 dxe4
6. Qg4 Nc6 7. Qxe4 Qd4 8. Qxd4 Nxd4 9. Bd3 Bd7 10. Ne2 Bc5 11. b4 Nxe2 12. bxc5
Nxc1 13. Rxc1 Bc6 14. Ke2 O-O-O 15. Ke3 Rd7 16. f3 Rhd8 17. Rc3 h5 18. Rd1 Rd4
19. Be4 Bxe4 20. fxe4 c6 {Eine Unvollendete, die mit Beethovens 9. nicht
konkurrieren kann. Bei vertauschten Rollen haette Rosentalis wohl kaum remis
akzeptiert, z.B. 21. d3 nebst 22.Tf1 mit Druck gegen f7, der Weiss gestattet,
auf 22....T4d7 mit 23.d4 seinen Mehrbauern zu konsolidieren.} 1/2-1/2

[Event "OIBM 2001"]
[Site "Bad Wiessee"]
[Date "2001.10.29"]
[Round "3"]
[White "Dorfman, Josif"]
[Black "Reuss, Andreas"]
[Result "1/2-1/2"]
[WhiteElo "2599"]
[BlackElo "2338"]
[PlyCount "85"]

1. c4 e6 2. Nc3 d5 3. d4 Nf6 4. cxd5 exd5 5. Bg5 c6 6. e3 Be7 7. Qc2 Bg4 8.
Nge2 Bh5 9. Ng3 Bg6 10. Nf5 O-O 11. Nxe7+ Qxe7 12. Qb3 Nbd7 13. Be2 b5 14. O-O
Nb6 15. Qd1 Qe6 16. Bxf6 Qxf6 17. Rc1 Rfe8 18. Bd3 Re6 19. Ne2 Bh5 20. Qc2 Bxe2
21. Qxe2 a5 22. Rc3 g6 23. Rfc1 a4 24. Qg4 Rd8 25. b3 Rdd6 26. Bc2 b4 27. Rc5
Qe7 28. Bf5 Rf6 29. Bd3 Qa7 30. Qd1 a3 31. Qd2 Nd7 32. Qxb4 Nxc5 33. Rxc5 Kg7
34. Ra5 Qe7 35. Qxa3 Rxf2 36. Kxf2 Qh4+ 37. Ke2 Qxh2 38. Kd2 Qxg2+ 39. Be2 Rf6
40. Ra8 Rf2 41. Qf8+ Kf6 42. Qd8+ Kf5 43. Qc8+ 1/2-1/2

[Event "OIBM 2001"]
[Site "Bad Wiessee"]
[Date "2001.10.29"]
[Round "3"]
[White "Feibert, Fred"]
[Black "Lobron, Eric"]
[Result "0-1"]
[WhiteElo "2275"]
[BlackElo "2524"]
[PlyCount "48"]

1. d4 Nf6 2. Nf3 d5 3. Bf4 Bg4 4. Ne5 Bh5 5. c4 Nbd7 6. Nc3 e6 7. Qb3 dxc4 8.
Qxb7 Rb8 9. Qc6 Bd6 10. e3 O-O 11. Nxd7 Qxd7 12. Qxd7 Nxd7 13. Bxd6 cxd6 14.
Bxc4 Rxb2 15. Bb3 Rc8 16. Na4 Re2+ 17. Kf1 Nf6 18. f3 Rxe3 19. Kf2 Rd3 20. Rac1
Rxc1 21. Rxc1 g5 22. Rc7 Rxd4 23. Rxa7 Rd2+ 24. Kg3 Bg6 0-1

[Event "OIBM 2001"]
[Site "Bad Wiessee"]
[Date "2001.10.29"]
[Round "3"]
[White "Heinzel, Olaf"]
[Black "Graf, Alexander"]
[Result "1-0"]
[WhiteElo "2347"]
[BlackElo "2610"]
[PlyCount "103"]

1. Nf3 Nf6 2. c4 e6 3. g3 d5 4. b3 Be7 5. Bg2 O-O 6. O-O b6 7. Bb2 Bb7 8. e3
Nbd7 $6 {Viel aktiver und besser ist ein anderer Aufbau:} (8... c5 9. Nc3 Nc6 {
und die Stellung ist voller Leben, z.B.} 10. cxd5 exd5 11. d4 Ne4 $5 {
Eine relativ neue Idee.} 12. dxc5 Bf6 13. Rc1 Ba6 $13 {
und auf dem Brett herrscht das blanke Chaos.}) 9. Qe2 Re8 10. d3 Bd6 (10... c5
$5) 11. Nc3 a6 12. e4 dxe4 13. dxe4 Ra7 $6 {Die schwarze Aufstellung wirkt
sehr gekuenstelt. Trotz zurueckhaltender Eroeffnungsbehandlung hat Weiss
grossen Vorteil: Mehr Raum, mehr Einfluss im Zentrum, bessere Figurenstellung.}
14. Rad1 Qa8 15. Nd4 c5 16. Nc6 Bxg3 $5 ({Nach} 16... Bxc6 17. Rxd6 {
sieht Fritz +0,75 fuer Weiss.} 17... e5) 17. Nxa7 Bf4 18. Nab5 axb5 19. Nxb5
Qb8 (19... Qxa2 20. Ra1 Qxb3 21. Ra3 Qb4 22. Bc3 $18) 20. h3 Bc6 {
Schwarz kann nicht sofort aktiv werden:} (20... Ne5 21. Nd6 Rf8 22. Nxb7 Qxb7
23. Bxe5 Bxe5 24. f4 Bd4+ 25. Rxd4 cxd4 26. e5 $18) 21. Rfe1 Ne5 22. a4 {
Weiss hat den wirkungsvollsten Plan gefunden. Ernutzt seine Majoritaet am
Damenfluegel zur Bildung eines gefaehrlichen Freibauern. Schwarz muss am
Koenigsfluegel frueh die (zu schlechten) Karten aufdecken,} 22... g5 23. Bc3 h5
24. b4 g4 25. hxg4 hxg4 (25... Nfxg4 {vergroessert die Ansammlung der
schwarzen Figuren am Koenigsfluegel. Doch wie macht man aus den dunklen Wolken
tatsaechlich ein stuermisches Gewitter?}) 26. bxc5 bxc5 27. a5 {
Solch einen Fluegelflitzer braeuchte unsere Fussball-Nationalelf.} 27... g3 28.
fxg3 Bxg3 29. Rf1 Nfd7 30. Qh5 {
Droht: 31.Txd7 Lxd7 32.Txf7 Sxf7 33.Dg6 Kf8 34.Dg7 Ke7 35.Lf6 matt} 30... Re7
31. Qg5+ $6 {In Zeitnot kommt Weiss vom Wege ab. Hat er unseren Stehgeigern zu
oft zugeschaut?} (31. a6 $18) 31... Ng6 32. Rb1 (32. a6) 32... Bf4 {Erzwungen,
da die Db8 entlastet werden muss. Ploetzlich kann Schwarz wieder Hoffnung
schoepfen.} 33. Qh5 Be3+ 34. Kh1 f6 $1 {Dieses Opfer hat Weiss uebersehen.
Unter Figurenopfer schwenkt Schwarz mit dem Turm nach h7.} 35. Qxg6+ (35. Nd4
Qe8 36. Nxc6 Rh7) 35... Rg7 36. Nd4 Qf8 $4 (36... Rxg6 37. Rxb8+ Nxb8 38. Nxc6
Nxc6 {und Schwarz ist wieder im Spiel.}) 37. Nxe6 Rxg6 38. Nxf8 Rh6+ 39. Bh3
Nxf8 40. Kh2 Bxe4 41. Rbe1 Bd3 42. Rf3 Bxc4 43. Rexe3 Ne6 44. Rxf6 Rh5 45.
Rfxe6 Bxe6 46. Rxe6 c4 47. Rc6 Rb5 48. Rxc4 Kf7 49. a6 Rb3 50. a7 Ra3 51. Bd4
Kg6 52. Bg2 1-0

[Event "OIBM 2001"]
[Site "Bad Wiessee"]
[Date "2001.10.29"]
[Round "3"]
[White "Ibragimov, Ildar"]
[Black "Stoeber, Michael"]
[Result "1-0"]
[WhiteElo "2567"]
[BlackElo "2306"]
[PlyCount "63"]

1. b3 e5 2. Bb2 Nc6 3. e3 Nf6 4. Bb5 Bd6 5. Ne2 a6 6. Bxc6 dxc6 7. d3 Be6 8.
Nd2 Qe7 9. O-O O-O-O 10. e4 h5 11. Qe1 Rh6 12. d4 Ng4 13. Nf3 f6 14. c4 exd4
15. Nexd4 Ne5 16. Nxe5 Bxe5 17. Nxe6 Qxe6 18. Bxe5 fxe5 19. Qe3 Rd4 20. f4 Rh8
21. Rae1 c5 22. fxe5 Qxe5 23. Rf5 Qd6 24. Qh3 Kb8 25. Rxh5 Rxh5 26. Qxh5 Rd2
27. Qh8+ Ka7 28. Qxg7 Rxa2 29. Qc3 Qg6 30. Qf3 Rd2 31. e5 Rd3 32. Qe4 1-0

[Event "OIBM 2001"]
[Site "Bad Wiessee"]
[Date "2001.10.29"]
[Round "3"]
[White "Klenburg, Michael"]
[Black "Sax, Gyula"]
[Result "0-1"]
[WhiteElo "2341"]
[BlackElo "2593"]
[PlyCount "94"]

1. e4 c5 2. d3 Nc6 3. g3 d5 4. Nd2 e5 5. Bg2 d4 6. Ngf3 Bd6 7. O-O Nge7 8. c3
O-O 9. cxd4 cxd4 10. Nc4 Bc7 11. a4 Bg4 12. Qb3 Be6 13. Bd2 f6 14. Rfc1 Kh8 15.
Qd1 Nc8 16. Be1 Nd6 17. Nfd2 Qe7 18. a5 Rfc8 19. Qa4 Rab8 20. b4 a6 21. Nb3
Nxc4 22. dxc4 Qf7 23. Nd2 Rd8 24. Bf1 f5 25. Bd3 f4 26. Rab1 Rf8 27. Rb2 Bd8
28. Rcc2 Bd7 29. Qa1 Be7 30. Qb1 fxg3 31. hxg3 Rbc8 32. c5 Qh5 33. Nc4 Bg4 34.
f3 Bxf3 35. Rh2 Qg6 36. Nd2 Bg4 37. Nf1 Rf3 38. Be2 Rf6 39. Bxg4 Qxg4 40. Rh4
Rxf1+ 41. Kxf1 Bxh4 42. gxh4 Rf8+ 43. Rf2 Qh3+ 44. Kg1 Rxf2 45. Bxf2 d3 46. Qd1
g6 47. Qe1 Qf3 0-1

[Event "OIBM 2001"]
[Site "Bad Wiessee"]
[Date "2001.10.29"]
[Round "3"]
[White "Pinter, Jozsef"]
[Black "Cordts, Ingo"]
[Result "1-0"]
[WhiteElo "2532"]
[BlackElo "2276"]
[PlyCount "51"]

1. d4 d5 2. c4 c6 3. Nc3 dxc4 4. a4 e5 5. dxe5 Qxd1+ 6. Nxd1 Na6 7. e4 Bb4+ 8.
Bd2 Bxd2+ 9. Kxd2 Nc5 10. Bxc4 Nxe4+ 11. Ke2 a5 12. Rc1 Ng5 13. f4 Ne6 14. g3
Ne7 15. Nf3 Nf5 16. Nc3 Ned4+ 17. Nxd4 Nxd4+ 18. Kd3 Ne6 19. Ne4 Ke7 20. f5
Rd8+ 21. Ke3 Nd4 22. g4 b5 23. axb5 cxb5 24. Ba2 Nxf5+ 25. gxf5 Bxf5 26. Rhf1
1-0

[Event "OIBM 2001"]
[Site "Bad Wiessee"]
[Date "2001.10.29"]
[Round "3"]
[White "Visweswaran, Kameswaran"]
[Black "Baklan, Vladimir"]
[Result "1/2-1/2"]
[WhiteElo "2338"]
[BlackElo "2590"]
[PlyCount "64"]

1. e4 c5 2. Nf3 d6 3. d4 cxd4 4. Nxd4 Nf6 5. Nc3 Nc6 6. Bg5 e6 7. Qd2 a6 8.
O-O-O Bd7 9. f4 b5 10. Bxf6 gxf6 11. Kb1 b4 12. Nce2 Qb6 13. g3 Rc8 14. Nxc6
Bxc6 15. Bg2 f5 16. Nd4 Bxe4 17. Bxe4 fxe4 18. f5 e5 19. Nb3 a5 20. Rhe1 a4 21.
Nc1 Qc6 22. Re2 Rg8 23. Qxb4 d5 24. Qa5 Bc5 25. Qd2 d4 26. Qe1 e3 27. Nd3 Bd6
28. c3 dxc3 29. Rc1 Rg4 30. Rxc3 Rc4 31. Rxe3 Rxc3 32. Qxc3 Qd7 {Eine Kampfpart
ie mit einem ueberraschendem aber korrektem Friedensschluss. 33. Da5 Dc6 34.
Dc3Dd7} 1/2-1/2

[Event "OIBM 2001"]
[Site "Bad Wiessee"]
[Date "2001.10.30"]
[Round "4"]
[White "Epishin, Vladimir"]
[Black "Mainka, Romuald"]
[Result "1-0"]
[WhiteElo "2583"]
[BlackElo "2443"]
[PlyCount "83"]

1. d4 f5 2. Nf3 d6 3. Nc3 Nf6 4. Bg5 d5 5. e3 e6 6. Bd3 Be7 7. O-O O-O 8. Ne2
Ne4 9. Bxe7 Qxe7 10. c4 Nd7 11. Rb1 a5 12. a3 Kh8 13. Qc2 c6 14. b4 axb4 15.
axb4 dxc4 16. Qxc4 e5 17. dxe5 Nxe5 18. Nxe5 Qxe5 19. f4 Qe8 20. Bxe4 Be6 21.
Qc5 fxe4 22. Nd4 Bd5 23. b5 h6 24. Rfc1 Rf6 25. Ra1 Kh7 26. h3 Rd8 27. bxc6
Bxc6 28. Qe5 Qg6 29. Rc5 Rfd6 30. f5 Qg5 31. Ne6 Rd1+ 32. Kh2 Qe7 33. Nxd8
Qxe5+ 34. Rxe5 Rxa1 35. Nxc6 bxc6 36. Rxe4 Rf1 37. g4 h5 38. Kg2 Re1 39. Re8
Kh6 40. Re6+ Kg5 41. Rg6+ Kh4 42. Rxg7 1-0

[Event "OIBM 2001"]
[Site "Bad Wiessee"]
[Date "2001.10.30"]
[Round "4"]
[White "Farago, Ivan"]
[Black "Klundt, Klaus"]
[Result "0-1"]
[WhiteElo "2527"]
[BlackElo "2368"]
[PlyCount "106"]

1. d4 Nf6 2. c4 g6 3. Nc3 Bg7 4. e4 O-O 5. Be2 d6 6. Nf3 e5 7. O-O Nc6 8. d5
Ne7 9. b4 Nh5 10. Re1 Nf4 11. Bf1 a5 12. bxa5 Rxa5 13. a4 Bg4 14. h3 Bxf3 15.
Qxf3 f5 16. Qd1 b6 17. Bd2 Ra8 18. Ra3 h6 19. Nb5 fxe4 20. Rxe4 g5 21. g3 Nfg6
22. a5 bxa5 23. Rxa5 c6 24. Rxa8 Qxa8 25. Nc7 Qa7 26. c5 Qxc7 27. Bc4 cxd5 28.
cxd6 Qxd6 29. Bb4 Qf6 30. Bxd5+ Kh8 31. Re2 Rd8 32. Rd2 Nxd5 33. Rxd5 Rxd5 34.
Qxd5 Qf5 35. Kg2 g4 36. hxg4 Qxg4 37. Bd2 Nh4+ 38. Kh2 Nf3+ 39. Kg2 e4 40. Bf4
Qg6 41. Be3 h5 42. Bf4 Ne1+ 43. Kf1 Nd3 44. Bg5 Ne5 45. Be3 Nf3 46. Bf4 h4 47.
Qd7 hxg3 48. Qh3+ Kg8 49. Qc8+ Bf8 50. Bxg3 Qh5 51. Kg2 Ng5 52. Qd7 Qf3+ 53.
Kh2 e3 0-1

[Event "OIBM 2001"]
[Site "Bad Wiessee"]
[Date "2001.10.30"]
[Round "4"]
[White "Galdunts, Sergey"]
[Black "Wunderer, Eckart"]
[Result "1-0"]
[WhiteElo "2514"]
[BlackElo "2178"]
[PlyCount "63"]

1. e4 c6 2. d4 d6 3. f4 Nf6 4. e5 Ne4 5. Bd3 Bf5 6. g4 e6 7. Nf3 Bg6 8. O-O d5
9. Nc3 Be7 10. Be3 Nxc3 11. bxc3 Nd7 12. f5 exf5 13. gxf5 Bh5 14. Rb1 Qc7 15.
Qd2 b5 16. Bf4 Nb6 17. f6 gxf6 18. exf6 Bd6 19. Rbe1+ Kd8 20. Nh4 Bg6 21. Nxg6
hxg6 22. Re7 Bxf4 23. Rxf4 Qd6 24. Rxf7 Nc4 25. Bxc4 bxc4 26. Rf1 Qe6 27. Re7
Qg4+ 28. Kh1 Rf8 29. Qe3 Rb8 30. f7 Qh4 31. Re8+ Kc7 32. Qe5+ 1-0